| 000 | 02017nam a2200577 i 4500 | ||
|---|---|---|---|
| 001 | 24262 | ||
| 003 | KOSZ 005 | ||
| 005 | 20240405063035.0 | ||
| 008 | 001211s2000 pl a f 000 0 pol | ||
| 015 | _aUWD 2001/2221 | ||
| 020 | _a8371873263 | ||
| 035 | _a991015330769705066 | ||
| 035 | _a(PL-WaBN)b14117289-48omnis_nlop | ||
| 035 | _ab14117289 | ||
| 035 | _a(OCoLC)749255315 | ||
| 035 | _a(PL)b0000001411728 | ||
| 035 | _a(EXLNZ-48OMNIS_NETWORK)9910225262005606 | ||
| 040 |
_aWA N _cWA N _dKOSZ 005/RW |
||
| 046 | _k2000 | ||
| 080 | _a657 | ||
| 080 | _a658.14/.17(438) | ||
| 080 | _a657.3(438) | ||
| 080 | _a(083.44) | ||
| 245 | 0 | 0 |
_aKlasyfikacja środków trwałych (KŚT) ze stawkami amortyzacji : _bzałącznik do rozporządzenia Rady Ministrów z dnia 30 grudnia 1999 r. w sprawie Klasyfikacji Środków Trwałych (KŚT) - Dz. U. Nr 112, poz. 1317 / _c[opracowanie Ewa Góra, Rafał Szulc]. |
| 260 |
_aGdańsk : _bOśrodek Doradztwa i Doskonalenia Kadr, _c2000. |
||
| 300 |
_a121, [3] stron : _berrata ; _c24 cm. |
||
| 336 |
_aTekst _btxt _2rdacontent |
||
| 337 |
_aBez urządzenia pośredniczącego _bn _2rdamedia |
||
| 338 |
_aWolumin _bnc _2rdacarrier |
||
| 380 | _aKsiążki | ||
| 380 | _aPublikacje fachowe | ||
| 388 | 1 | _a1901-2000 | |
| 388 | 1 | _a1989-2000 | |
| 648 | 7 | _a1901-2000 | |
| 648 | 7 | _a1989-2000 | |
| 650 | 7 |
_aAmortyzacja _2DBN |
|
| 650 | 7 |
_aKlasyfikacja _2DBN |
|
| 650 | 7 |
_aPrawo _2DBN |
|
| 650 | 7 |
_aRachunkowość _2DBN |
|
| 650 | 7 |
_aŚrodki trwałe _2DBN |
|
| 651 | 7 |
_aPolska _2DBN |
|
| 655 | 7 | _aOpracowanie | |
| 658 | _aGospodarka, ekonomia, finanse | ||
| 658 | _aPrawo i wymiar sprawiedliwości | ||
| 700 | 1 |
_aGóra, Ewa _eOpracowanie |
|
| 700 | 1 |
_aSzulc, Rafał _eOpracowanie |
|
| 710 | 2 |
_aODDK _4pbl |
|
| 856 |
_uhttp://koha.tu.koszalin.pl/cgi-bin/koha/opac-detail.pl?biblionumber=24262 _yKatalog online BPK |
||
| 942 |
_2UKD _cKA |
||
| 999 |
_c24262 _d24262 |
||